| 000 | 00605nam a22001697a 4500 | ||
|---|---|---|---|
| 005 | 20251108174830.0 | ||
| 008 | 250721s2008 xx 000 0 ara d | ||
| 082 | 1 | 4 | _aم/302.2/لجن |
| 245 | 1 | 0 | _aنشرة تكنولوجيا المعلومات و الإتصالات للتنمية في غربي آسيا / |
| 264 | 1 |
_aبيروت : _bالإسكوا، _c2008. |
|
| 300 | _a44ص. | ||
| 650 | 1 | 7 | _aتكنولوجيا الاتصالات |
| 650 | 1 | 7 | _aتكنولوجيا المعلومات |
| 650 | 1 | 7 | _aالتنمية الاقتصادية و الاجتماعية |
| 942 |
_2ddc _cREF |
||
| 999 |
_c119253 _d119253 |
||